书目信息 |
| 题名: |
企业级数据仓库(EDW)原理、设计与实践
|
|
| 作者: | 王彦龙 编著 | |
| 分册: | ||
| 出版信息: | 北京 电子工业出版社 2006.09 |
|
| 页数: | 359页 | |
| 开本: | 20cm | |
| 丛书名: | ||
| 单 册: | ||
| 中图分类: | F270.7 | |
| 科图分类: | ||
| 主题词: | 企业经济 | |
| 电子资源: | ||
| ISBN: | 7-121-03109-4 | |
| 000 | 00591nam0 2200193 450 | |
| 001 | 0753607438 | |
| 005 | 20071217145750.35 | |
| 010 | @a7-121-03109-4@dCNY49.00 | |
| 100 | @a20071217d2006 km y0chiy0120 ea | |
| 101 | 0 | @achi |
| 102 | @aCN@b110000 | |
| 200 | 1 | @a企业级数据仓库(EDW)原理、设计与实践@Aqi ye ji shu ju cang ku(EDW)yuan li、she ji yu shi jian@f王彦龙编著@Fwang yan long bian zhu |
| 210 | @a北京@c电子工业出版社@d2006.09 | |
| 215 | @a359页@d20cm | |
| 606 | 0 | @a企业经济 |
| 690 | @aF270.7@v4 | |
| 701 | 0 | @a王彦龙@Awang yan long@4编著 |
| 801 | 0 | @aCN@c20071217 |
| 905 | @dF270.7@eW410 | |
| 企业级数据仓库(EDW)原理、设计与实践/王彦龙编著.-北京:电子工业出版社,2006.09 |
| 359页;20cm |
| ISBN 7-121-03109-4:CNY49.00 |
| ● |
| 相关链接 |
|
|
|
正题名:企业级数据仓库(EDW)原理、设计与实践
索取号:F270.7/W410
 
预约/预借
| 序号 | 登录号 | 条形码 | 馆藏地/架位号 | 状态 | 备注 |
| 1 | 450816 | 204508167 | 社科库409/409社科库 86排4列2层/ [索取号:F270.7/W410] | 在馆 |